|
|
|
|
| LEADER |
00770nam a2200217 a 4500 |
| 001 |
GR-MES6962 |
| 008 |
000428s gr 000 0 gre d |
| 020 |
|
|
|a 0582552486
|
| 040 |
|
|
|a GrPaTEI
|b gre
|c GR-PaULI
|
| 040 |
|
|
|a GrPaTEI
|b gre
|c GR-PaULI
|
| 245 |
0 |
0 |
|a Study english for science /
|c A.Bolitho / P.Sandler.
|
| 260 |
|
|
|a Harlow :
|b Longman
|e 1980
|
| 300 |
|
|
|a 104 σελ.
|
| 300 |
|
|
|c εικ..
|
| 650 |
|
4 |
|a ΑΓΓΛΙΚΗ ΓΛΩΣΣΑ
|
| 650 |
|
4 |
|a ΕΠΙΣΤΗΜΕΣ
|
| 700 |
0 |
|
|a BOLITHO,A
|
| 942 |
|
|
|2 ddc
|
| 952 |
|
|
|0 0
|1 0
|2 ddc
|4 0
|6 420_000000000000000_BOL
|7 0
|9 277307
|a MSLG
|b MSLG
|c BSC
|d 2021-01-17
|e 24
|f 0
|g 0.00
|l 0
|o 420 BOL
|p 2420000016025
|r 2021-01-17 00:00:00
|t 1
|w 2021-01-17
|y BK15
|x 20000428 0 1
|x GrPaTEI
|
| 971 |
|
|
|a .b25854318
|b 15-04-20
|c 14-09-16
|
| 999 |
|
|
|c 161110
|d 161110
|